000 00989pam a2200289 a 4500
001 688372
003 SISC
005 20160401142324.0
008 960104s1997 ilu f 001 0 eng
010 _a 96000858
020 _a0844258911 (softbound)
040 _aDLC
_cDLC
_dDLC
050 0 0 _aLB 1047.3
_b.M47 1997
082 0 0 _aHS 371.028
_bM54 1997
100 1 _aMeriwether, Nell.
_912278
245 1 0 _a12 easy steps to successful research papers /
_cNell W. Meriwether.
246 3 _aTwelve easy steps to successful research papers
260 _aLincolnwood, Ill. :
_bNTC Pub. Group,
_cc1997.
300 _a170 p. :
_c28 cm.
500 _aIncludes index.
650 0 _aReport writing
_xHandbooks, manuals, etc.
_912279
650 0 _aResearch
_xHandbooks, manuals, etc.
_912280
906 _a7
_bcbc
_corignew
_d1
_eocip
_f19
_gy-gencatlg
942 _2lcc
_cBK
999 _c9051
_d9051